Guía didáctica : (Registro nro. 7962)

Detalles MARC
000 -LIDER
fixed length control field 00661nam a2200229 a 4500
001 - NÚMERO DE CONTROL
Identificador de número de control 000020260
003 - IDENTIFICACDOR DE NÚMERO DE CONTROL
control field DO-SdBNP
005 - DATE AND TIME OF LATEST TRANSACTION
control field 20150715103556.0
008 - ELEMENTOS DE LONGITUD FIJA
fixed length control field 100802s2004 dr ac 000 0 spa d
020 ## - ISBN
International Standard Book Number 8482615394
040 ## - FUENTE DE CATALOGACIÓN
Agencia que crea de manera original el registro BPJMB
Idioma de catalogación spa
Agencia que realiza la transcripción BPJMB
092 ## - LOCALLY ASSIGNED DEWEY DECIMAL CALL NUMBER
Número de clasificación xxxx
Número de ítem (Cutter) G943d
245 00 - MENCIÓN DE TITULO
Título Guía didáctica :
Subtítulo español 8 /
Mención de responsabilidad texto Manuel García-Cartagena.
260 ## - PUBLICACIÓN, DISTRIBUCIÓN, ETC. (PIE DE IMPRENTA)
Lugar de publicación, distribución, etc Santo Domingo :
Nombre del editor, distribuidor, etc. Santillana,
Fecha de publicación, distribución, etc 2004.
300 ## - DESCRIPCIÓN FÍSICA
Extensión 207 p. :
Otros detalles físicos il., retrs. ;
Dimensiones 28 cm.
490 1# - MENCIÓN DE SERIES
Mención de serie Ámbar
Volume/sequential designation v. 8
500 ## - NOTA GENERAL
Nota general Educación básica
700 1# - ASIENTO SECUNDARIO -- NOMBRE PERSONAL
Nombre personal García-Cartagena, Manuel
830 #0 - ASIENTO SECUNDARIO DE SERIE--TÍTULO UNIFORME
Título uniforme Ámbar
Número de la parte o sección de una obra no. 8
942 ## - ADDED ENTRY ELEMENTS (KOHA)
Source of classification or shelving scheme Dewey Decimal Classification
Koha item type Libros
956 ## - LOCAL ELECTRONIC LOCATION AND ACCESS (OCLC)
Nombre de host BTAVAREZ
Número de acceso 10
Información de compresión 20100802
Inicio de sesión BND02
Procesador de solicitud 1435

No hay ítems disponibles.